| 000 | 01835cam a2200409 a 4500 | ||
|---|---|---|---|
| 999 |
_c91 _d91 |
||
| 001 | 3091754 | ||
| 003 | Nust | ||
| 005 | 20170105095819.0 | ||
| 008 | 980512s1998 caua 001 0 eng d | ||
| 010 | _a 98085837 | ||
| 020 |
_a0764504010 : _c$29.95 |
||
| 035 | _a(OCoLC)40117501 | ||
| 040 |
_aIEgv _cIEgv _dDLC |
||
| 042 | _alccopycat | ||
| 050 | 0 | 0 |
_aQA76.3 _b.M3243 1998 |
| 082 | 0 | 0 |
_a005.4/4769 _221 |
| 100 | 1 | _aMajors, Ken. | |
| 245 | 1 | 0 |
_aMCSE Windows NT Server 4 in the enterprise for dummies / _cby Kenneth Majors, Dave Dermon III, and Jeffrey Ferris ; foreword by Eckhart Boehme. |
| 246 | 3 | 0 | _aNT Server 4 in the enterprise |
| 246 | 3 | 0 | _aMicrosoft Certified Systems Engineer Windows NT Server 4 in the enterprise |
| 260 |
_aFoster City, CA : _bIDG Books Worldwide, _cc1998. |
||
| 300 |
_axxviii, 497 p. : _bill. ; _c24 cm. + _e1 computer laser optical disc (4 3/4 in.) |
||
| 440 | 0 | _a--For dummies | |
| 500 | _a"Pass exam 70-068."--Cover. | ||
| 500 | _a"Microsoft certified professional approved study guide"--Cover. | ||
| 500 | _aIncludes index. | ||
| 538 | _aSystem requirements: PC (486 or faster processor; 16MB RAM; 32MB free hard disk space; Windows 95 or later, or Windows NT 4.0 or later; color display (256 colors) or grayscale; sound card; modem (14,400 bps minimum); CD-ROM drive (2x or faster). | ||
| 630 | 0 | 0 | _aMicrosoft Windows NT Server. |
| 650 | 0 |
_aElectronic data processing personnel _xCertification. |
|
| 650 | 0 |
_aMicrosoft software _xExaminations _xStudy guides. |
|
| 700 | 1 | _aDermon, Dave. | |
| 700 | 1 | _aFerris, Jeffrey. | |
| 906 |
_a7 _bcbc _ccopycat _d2 _eopcn _f19 _gy-gencatlg |
||
| 942 |
_2ddc _cBK |
||